| 000 | 00692cab a2200217 4500 | ||
|---|---|---|---|
| 001 | WB3425-60 | ||
| 008 | 090401t1998 xxu||||| |||| 00| 0 eng d | ||
| 035 | _a(Sirsi) u87178 | ||
| 041 | _aeng | ||
| 245 | _aIPF urges valuation overhaul | ||
| 260 | _c1998 | ||
| 350 | _a0 | ||
| 490 |
_aEstates Gazette _v(9826) 27 June 1998, 46(1) |
||
| 520 | _aThe IPF has launched a campaign to overturn the industry`s traditional practice of valuing property income annually in arrears. | ||
| 650 | _aABOUT RICS-RELATED ORGANISATIONS-INVESTMENT PROPERTY FORUM | ||
| 650 | _aPROPERTY INCOME | ||
| 650 | _aVALUATION METHODS | ||
| 690 | _aRATING AND VALUATION | ||
| 942 | _n0 | ||
| 948 | _c02/07/1998 | ||
| 999 |
_c54962 _d54962 |
||